Human rights and the unborn child (Record no. 42227)
[ view plain ]
| 000 -LEADER | |
|---|---|
| fixed length control field | 02359nam a22003734a 4500 |
| 082 04 - DEWEY DECIMAL CLASSIFICATION NUMBER | |
| Classification number | 341.48572 |
| 100 1# - MAIN ENTRY--AUTHOR NAME | |
| Personal name | Joseph, Rita. |
| 245 10 - TITLE STATEMENT | |
| Title | Human rights and the unborn child |
| 260 ## - PUBLICATION, DISTRIBUTION, ETC. (IMPRINT) | |
| Place of publication | Leiden ; |
| -- | Boston : |
| Name of publisher | Martinus Nijhoff Publishers, |
| Year of publication | 2009. |
| 300 ## - PHYSICAL DESCRIPTION | |
| Number of Pages | xviii, 347 p. |
| 505 0# - FORMATTED CONTENTS NOTE | |
| Formatted contents note | UDHR recognition of the child before birth : analysis of the texts -- UDHR recognition of the child before birth : the historical context -- Fundamentals of the universal declaration's human rights protection -- The inaugural human right : to be born free and equal -- What is "appropriate" legal protection before as well as after birth? -- The right to life and to the necessities of life -- Decriminalization : a treaty interpretation manifestly unreasonable -- CRC legislative history and the child before birth -- Selective abortion on grounds of disability -- European Convention (1950) and the unborn child -- American Convention on Human Rights : " ... in general, from the moment of conception" -- Reclaiming rights of the African child at risk of abortion -- Selective abortion : an act of violence and discrimination on grounds of sex -- Children's rights : " ... without any exceptions whatsoever" -- Ideologies must conform to human rights, not human rights to ideologies. |
| 650 #0 - SUBJECT ADDED ENTRY--TOPICAL TERM | |
| Topical Term | Unborn children (Law) |
| Topical Term | Right to life. |
| Topical Term | Abortion |
| Topical Term | Human rights. |
| 856 40 - ELECTRONIC LOCATION AND ACCESS | |
| Uniform Resource Identifier | http://site.ebrary.com/lib/rucke/Doc?id=10349097 |
No items available.
